Joueurs du PSG - Statistiques

Statistiques générales
  • Ce quiz a été pris 96 fois
  • Le résultat moyen est 8 sur 33
Statistiques - réponses
A - Z % Correct
13 Kylian Mbappé
93%
24 Ousmane Dembélé
62%
31 Vitinha
54%
20 Marquinhos
51%
23 Nuno Mendes
38%
8 Fabian Ruiz
32%
1 Achraf Hakimi
30%
4 Bradley Barcola
30%
9 Gianluigi Donnarumma
29%
25 Presnel Kimpembe
29%
26 Randal Kolo Muani
29%
10 Gonçalo Ramos
28%
32 Warren Zaire-Emery
28%
17 Lucas Hernandez
26%
5 Carlos Soler
25%
12 Keylor Navas
18%
21 Milan Skriniar
18%
3 Arnau Tenas
17%
6 Danilo Pereira
17%
18 Manuel Ugarte
17%
15 Lee Kang-In
16%
16 Lucas Beraldo
14%
22 Nordi Mukiele
14%
7 Ethan Mbappé
13%
19 Marco Asensio
13%
28 Sergio Rico
12%
2 Alexandre Letellier
9%
14 Layvin Kurzawa
8%
27 Senny Mayulu
7%
33 Yoram Zague
5%
11 Ilyes Housni
1%
29 Serif Nhaga
0%
30 Timothée Pembélé
0%
Aucun quiz correspondant
Distribution des résultats
% des personnes avec chaque résultat
Percentile par nombre de réponses
Votre historique - résultats
Vous n’avez pas pris ce quiz